000 00438pab a2200169 454500
008 180718b2017 xxu||||| |||| 00| 0 eng d
100 _aZheng, Siqi
245 _aA new era of pollution progress in urban China?
260 _c2017
300 _ap.71-92.
362 _aWinter
650 _aPollution - China
650 _aPollution
700 _aKahn, Matthew E.
773 _aJournal of Economic Perspectives
909 _a114343
999 _c114337
_d114337